00398nam a2200145Ia 4500100001800000942000700018654001500025245001500040260003500055082001700090300000800107546001200115999001700127952010800144 aStoner/J.A.F  cBK amanagement aManagement bprentice hallaNew Delhic1987 a658.001bSTO a714 aENGLISH c21727d21727 001040708CRCaCRCEbCRCEd2023-03-17g65.00l0o658.001 STOp1469r2023-03-17v65.00w2023-03-17yBK